Normal view
MARC view
Entry Topical Term
001 - CONTROL NUMBER
- control field: 478
003 - CONTROL NUMBER IDENTIFIER
- control field: OSt
005 - DATE AND TIME OF LATEST TRANSACTION
- control field: 20110409112927.0
008 - FIXED-LENGTH DATA ELEMENTS
- fixed length control field: 110409|||a|||||| | ||| d
040 ## - CATALOGING SOURCE
- Original cataloging agency: OSt
- Transcribing agency: OSt
150 ## - HEADING--TOPICAL TERM
- Topical term or geographic name as entry element: Law
- Geographic subdivision: Africa, East
- General subdivision: Cases.
670 ## - SOURCE DATA FOUND
- Source citation: Work cat.: (OSt)167: Harvey, William Burnett, 1922- 476, Introduction to the legal system in East Africa /, 1975.
